000 00377cam a2200157ua 4500
041 _aeng
_h
082 _a150.1
_bOVE/MA
100 _aOverstreet, H.A .
245 _aMature mind /
_cH.A.Overstreet.
_hTextual Documents
250 _a1 /
_b.
260 _aNewyork :
_bW.W.Norton & company ,
_c1959.
300 _a295 ; .
504 _a
942 _cBK
999 _c2334
_d2334